000 01114nam a2200277 i 4500
001 186720
003 SpMaBN
005 20231212101556.0
008 170208s2008 sp aefo |||| | spa d
020 _a978-84-612-8252-4
080 _a726.71(460.357 G.)
080 _a7.034(460.357 G.)
080 _a7.04(460.357 G.)
100 1 _aCallejón Peláez, Antonio Luis.
_9161674
245 1 1 _a"Primus inter heroes"
_b: damas y guerreros en la decoración del Monasterio de San Jerónimo de Granada /
_cAntonio Luis Callejón Peláez.
260 _aGranada :
_bMouliaá Map,
_c2008.
300 _a633, XVI p. de lám. col. :
_bil., fot. ;
_c24 cm.
504 _aBibliografía: p. 617-633.
610 2 7 _aMonasterio de San Jerónimo (Granada)
_9161675
650 7 _aArte renacentista-
_xTemas.
_9161676
852 _aES-MaACL
_jA-14011
_9193777
_bR.151320
_cDEPO1
_dOlim: N-7011
_gDedicatoria autógrafa del autor
_hDonación: Antonio Luis Callejón Peláez
903 _9161674
_aCallejón Peláez, Antonio Luis
_ednr
942 _2udc
_cMONOGRAFIA
999 _c186720
_d186720